00526nam a2200157Ia 4500008004100000020001500041082001500056100002600071245011500097250000700212260004300219300002800262500000700290600002100297650005000318240925s9999 xx 000 0 und d a817635709x a004.67 KAL aKalani , Kirk Hausman 0aExam Cram 2 Developing and Implementing Windows Based Application with Visual Basic NET and Visual studio NET  aNA aIndia:bTechmedia publicationsc,2000. axxix,482p.bNAfPirated aNA aComputer Science aComputer science, information & general works